1575 1782 1240 1217 1849 1448 1656 1149 1267 1591 1735 1934 1859 1323 1897 1030 1688 1577 1814 1992 1161 1055 1659 1525 1991 1987 1368 1222 1179 1632 1440 1547 1474 1054 1919 1951 1487 1897 1210 1071 1539 1928 1979 1133 1696 1232 1427 1263 1904 1188 1364 1902 1144 1997 1220 1557 1125 1666 1634 1260 1565 1465 1272 1893 1046 1997 1219 1262 1696 1720 1325 1675 1761 1554 1139 1724 1307 1696 1918 1754 1669 1375 1649 1252 1895 1261 1248 1671 1276 1403 1039 1119 1316 1926 1403 1198 1430 1961 1209 BCNSPRNW ULIB Ver.6.0+V

เปลี่ยนเป็นภาษาไทย

Change to English
 แสดงรายละเอียดบรรณานุกรม
  กลับหน้าหลัก

Brief Record : Get Marc (ISO 2709) : E-mail record : QR code < ปิดหน้าต่าง
LEADER : 00000nam 2200000uu 4500
001    13399121330
003     ULIB
008    020711s2551 th a 000 0 tha d
020    9786167123028
090    นว.^bพ961ฤ
100    แพรพริมา
245    ฤารักมิอาจเลือน/^cแพรพริมา
250    พิมพ์ครั้งที่ 1
260    กรุงเทพฯ :^bกรีนมายด์,^c2551
945    ^p199^l0^i16423
999    ^aกัณชพร
รายการนี้ยังไม่มีแท็ก
คุณยังไม่ได้ล็อกอิน คุณสามารถมีกิจกรรมร่วมกับเว็บไซต์ได้ แต่ต้องล็อกอินก่อน ::
  ล็อกอิน

รายการสื่อสารสนเทศ

ลำดับที่ ประเภท เลขเรียก/บาร์โค้ด สถานที่ สถานะ
1. นวนิยาย
นวนิยาย
นว. พ961ฤ  
  Barcode: 16423
ห้องสมุดวิทยาเขตสวรรค์ประชารักษ์
►นวนิยาย
บนชั้น
  ขอยืม

BibComment


ยังไม่เคยถูกคอมเมนท์

คอมเมนท์ทรัพยากรรายการนี้
  คอมเมนท์: ฤารักมิอาจเลือน แ..


 Copyright 2026. Bcnsprnw @Library